000 00437nam a22001697a 4500
003 PILC
005 20160128144821.0
008 130909t xxu||||| |||| 00| 0 eng d
050 _aPR 6056.O45
_b.F667 1983
082 _aFIC
_bF72m 1982
100 _aKen Follett
245 _aThe man from St. petersburg
_cKen Follett
260 _aNew York :
_bSignet Book,
_cc1982.
300 _a342 p.
_c18 cm.
942 _2lcc
_cBK
999 _c10700
_d10700